| 000 | 00348 a2200157 4500 | ||
|---|---|---|---|
| 001 | 74757 | ||
| 020 | _a878880217612-6 | ||
| 040 | _cAnchieta - Colégio São Paulo | ||
| 100 | _aPaula, Marcelo Moares | ||
| 240 | 1 | 0 |
_aJornadas.geo _lpor |
| 245 | 1 | 0 | _aJornadas.geo |
| 300 | _a239 | ||
| 362 | 0 | _a2012 | |
| 650 | 4 | _aGeografia e viagens | |
| 942 | _cBK | ||
| 999 |
_c74757 _d74757 |
||